• 首页
  • 本馆介绍
  • 公告通知
  • 最新文献
  • 馆藏检索
  • 电子资源
  • 读者导购
  • 参考咨询
  • 我的图书馆
  • 登录
  • 详细信息显示
  • 放入我的书架
  • 预约/预借图书
  • 作者相关作品
  • 分类相关作品
  • 丛书相关作品
  • 出版社相关作品

书目信息

  • 表格格式
  • 工作单格式
  • 卡片格式
题名:
旅游规划与开发
    
 
作者: 苗雅杰 , 王钊 主编
分册:  
出版信息: 北京   中国财富出版社  2013.07
页数: 260页
开本: 26cm
丛书名:
单 册:
中图分类: F590.1 , F590.31
科图分类:
主题词: 旅游规划--高等教育--教材 , 旅游资源开发--高等教育--教材 , 旅游规划 , 旅游资源开发
电子资源:
ISBN: 978-7-5047-4698-6
000 01002nam0 2200313 450
001 010700148589
005 20140609081849.31
010    @a978-7-5047-4698-6@dCNY39.80
100    @a20130814d2013 em y0chiy0110 ea
101 0  @achi
102    @aCN@b110000
105    @aak z 000yy
106    @ar
200 1  @a旅游规划与开发@9lu^ you gui hua yu kai fa@f苗雅杰,王钊主编
210    @a北京@c中国财富出版社@d2013.07
215    @a260页@c图@d26cm
300    @a高等教育旅游类专业系列教材
330    @a本书共分为原理、旅游地规划、旅游专项规划共三篇,主要内容包括:旅游规划与开发的概念体系与发展历程、旅游规划与开发的理论基础等。
333    @a高校旅游专业类师生
606 0  @a旅游规划@x高等教育@j教材
606 0  @a旅游资源开发@x高等教育@j教材
606 0  @a旅游规划
606 0  @a旅游资源开发
690    @aF590.1@v5
690    @aF590.31@v5
701  0 @a苗雅杰@9miao ya jie@4主编
701  0 @a王钊@9wang zhao@4主编
801  0 @aCN@b人天书店@c20130814
905    @b548067-69@dF590.1@e384@f3
    
    旅游规划与开发/苗雅杰,王钊主编.-北京:中国财富出版社,2013.07
    260页:图;26cm
    高等教育旅游类专业系列教材.-使用对象:高校旅游专业类师生
    
    ISBN 978-7-5047-4698-6:CNY39.80
    本书共分为原理、旅游地规划、旅游专项规划共三篇,主要内容包括:旅游规划与开发的概念体系与发展历程、旅游规划与开发的理论基础等。
●
相关链接 在E读中查询图书 在五车中查询图书 在当当中查询图书 在豆瓣中查询图书


正题名:旅游规划与开发     索取号:F590.1/384         预约/预借

序号 登录号 条形码 馆藏地/架位号 状态 备注
1 548067   205480674   第一样本阅览室/ [索取号:F590.1/384] 在馆    
2 548068   205480683   第一借阅区/ [索取号:F590.1/384] 在馆    
3 548069   205480692   密集书库-资源管理系/ [索取号:F590.1/384] 在馆    
唐山师范学院图书馆 欢迎您!
大连网信软件有限公司© 版权所有